01510nam a2200241 a 4500001001000000003000900010005001700019007000300036008004100039020001800080040002500098082001400123100002400137245015700161260004400318300003600362500007500398504003000473505064900503650005201152650003601204700002801240000039120DO-SdBNP20221103134637.0ta130523s2012 dr ac 000 0 spa d a9789945006841 aDO-SdBNPbspacBNPHU 4222bM878d1 aMorrison, Heriberto13aEl deporte en el marco de la estrategia nacional de desarrollo:bretos y perspectivas. /cHeriberto Morrison; fotografía de cubierta, Merian Pérez.  aSanto Domingo :bEditora Búho,c2012. a111 p. :bil., retrs. ;c23 cm. aIncluye datos biográficos del autor en las solapas de las cubiertas. aBibliografía: 110 - 111 aDedicatoria.gReconocimientos.gIntroducción.tCapítulo I.tAntecedentes.--tCapítulo II.tEl deporte y el Estado.--tCapítulo III.tLa Ley 1-12 de Estrategia NacionaltCapítulo IV.tEstrategia de Desarrollo en Deporte.--tCapítulo V.tPunto de partida.--tCapítulo VI.tCapítulo VI. tOrganización de entidades deportivas.--tCapítulo VII.tA la Vanguardia.--tCapítulo VIII.t¿Avance o Retroceso?.--tCapítulo IX.tLey contradictoria.--tCapítulo X.tPerspectivas y Retos.--tRecomendaciones y sugerencias que podrían ser útiles a la actualización del Plan Plurianual 2013 - 2016.--tFuentes bibliográficas. 4aDeportesxLegislaciónzRepública Dominicana 0aDeportezRepública Dominicana1 aPérez, Merian efoto